00818nam a22002057a 450000500170000001000150001702000110003203500140004303700130005708200140007010000340008424501040011826000270022227001120024930000210036170000370038294200280041999900190044795201460046620240809131101.0 aENG-138032 c300.00 aEN-121564 bDBAD/PUB a365.70954 aSharma, Surinder Mohan969835 aPrison Management:cBy Surinder Mohan Sharma [and] Harkanwal KaurbDynamics Dimensions & Direction/ aPunjabbBuniyad c2023 a14 shashtri nagar near bhabha school street no. 1 Majitha road Gopal Nagar Amritsar -143001bPunjabe143001 a307p.c22cm(pbk) 956902aHarkanwal KaureCo author 2ddccENh365.70954mSHA c198646d198646 001040708NFICaBL1bBL1d2023-09-29eDBADg300.00l1o365.70954 SHApEN-121564r2024-10-22 00:00:00s2024-10-14t1v300.00w2023-09-29yEN